| 000 | 00451nam a2200181Ia 4500 | ||
|---|---|---|---|
| 001 | 19294 | ||
| 005 | 20260306172642.0 | ||
| 008 | 260306t1998||||xx |||||||||||||| ||spa|| | ||
| 041 | _aESP | ||
| 082 |
_a658.83 _bK54 |
||
| 100 |
_aKinnear, Thomas C. _eAUT |
||
| 245 | 0 |
_aInvestigación de mercados: _bUn enfoque aplicado |
|
| 260 | _c1998 | ||
| 300 |
_axxii, 874 pƔginas : _c27 cm. |
||
| 650 | _aGEN | ||
| 654 | _aCAN | ||
| 942 |
_cLIB _dJUS _fJUS _2ddc _n |
||
| 999 |
_c19294 _d19294 |
||